All 1m cities in the world with 6 letters - Statistics

General Stats
  • This quiz has been taken 98 times
  • The average score is 56 of 123
Answer Stats
Country City % Correct
Turkey Ankara
98%
Germany Berlin
98%
Colombia Bogotá
98%
United Kingdom London
98%
Philippines Manila
98%
Russia Moscow
98%
Taiwan Taipei
98%
Saudi Arabia Riyadh
96%
Iran Tehran
96%
Angola Luanda
95%
Spain Madrid
95%
India Mumbai
95%
United States Boston
93%
Portugal Lisbon
93%
Australia Sydney
91%
Greece Athens
89%
Italy Naples
89%
Czech Republic Prague
89%
Poland Warsaw
89%
Austria Vienna
87%
Mali Bamako
85%
United States Dallas
85%
Ireland Dublin
85%
Pakistan Lahore
85%
Saudi Arabia Jeddah
84%
Lebanon Beirut
82%
Cuba Havana
82%
Zambia Lusaka
82%
Japan Nagoya
82%
Zimbabwe Harare
80%
Switzerland Zurich
80%
Central African Republic Bangui
78%
Germany Munich
78%
Canada Ottawa
78%
Syria Aleppo
76%
Mozambique Maputo
75%
Myanmar Yangon
75%
South Africa Durban
73%
Rwanda Kigali
73%
China Harbin
69%
Brazil Recife
69%
Kazakhstan Almaty
67%
United States Denver
65%
Saudi Arabia Medina
65%
India Jaipur
64%
Oman Muscat
64%
China Xiamen
64%
Bahrain Manama
62%
Ukraine Odessa
62%
Niger Niamey
58%
Gambia Banjul
56%
Cameroon Douala
56%
Brazil Manaus
53%
Mexico Puebla
53%
Vietnam Da Nang
49%
Nigeria Ibadan
49%
India Nagpur
47%
India Kanpur
45%
Russia Samara
45%
United States Austin
44%
China Fuzhou
44%
Germany Bremen
42%
Spain Málaga
42%
China Dalian
38%
Saudi Arabia Dammam
38%
Ghana Kumasi
38%
China Urumqi
38%
Morocco Agadir
36%
India Bhopal
36%
Iran Shiraz
33%
Mexico Toluca
33%
Tunisia Sousse
31%
India Indore
29%
United States Tucson
25%
Iraq Kirkuk
24%
Iran Tabriz
24%
Nigeria Kaduna
22%
Pakistan Quetta
22%
Japan Sendai
22%
Mexico Mérida
20%
China Ningbo
20%
China Suzhou
20%
China Anshan
18%
India Bhilai
18%
United States El Paso
16%
Pakistan Multan
16%
Taiwan Tainan
15%
China Xuzhou
15%
China Handan
11%
China Hohhot
11%
Nigeria Ilorin
11%
India Mysore
11%
Bangladesh Khulna
9%
Brazil Santos
9%
China Yantai
9%
China Anyang
7%
China Datong
7%
China Haikou
7%
China Huai'an
7%
India Meerut
7%
India Rajkot
7%
India Ranchi
7%
China Xining
7%
China Baotou
5%
China Daqing
5%
China Guilin
5%
China Jining
5%
China Luzhou
5%
Brazil Maceió
5%
Indonesia Malang
5%
Turkey Mersin
5%
China Putian
5%
China Rizhao
5%
China Weihai
5%
China Bengbu
4%
Colombia Cúcuta
4%
China Panjin
4%
Indonesia Serang
4%
China Zhuhai
4%
China Zigong
4%
China Fuyang
2%
China Puyang
2%
China Suqian
2%
No matching quizzes found
Score Distribution
Percent of People with Each Score
Percentile by Number Answered
Your Score History
You have not taken this quiz